[Event "Titled Tuesday intern op 01st Aug Early"]
[Site "Chess.com INT"]
[Date "2023.08.01"]
[Round "3"]
[White "Girya, Olga"]
[Black "Ai, Evan Zihao"]
[Result "0-1"]
[WhiteElo "2402"]
[BlackElo "2199"]
[PlyCount "80"]
[EventDate "2023.08.01"]
[EventType "swiss (blitz)"]
[EventRounds "11"]
[EventCountry "USA"]
[SourceTitle "EXT 2024"]
[Source "ChessBase"]
[SourceDate "2023.10.10"]
[SourceVersion "1"]
[SourceVersionDate "2023.10.10"]
[SourceQuality "1"]

1. d4 Nf6 2. Nf3 e6 3. c4 d5 4. Nc3 Be7 5. Bf4 c6 6. e3 0-0 7. h3 Nbd7 8. Qc2 dxc4 9. Bxc4 b5 10. Bd3 Bb7 11. Rd1 a6 12. Ne5 h6 13. 0-0 Qc8 14. Nxd7 Qxd7 15. Ne4 Nxe4 16. Bxe4 Rac8 17. a3 Ba8 18. Rd2 Qa7 19. Rc1 c5 20. d5 exd5 21. Bxd5 Bxd5 22. Rxd5 Rfd8 23. Rcd1 Rxd5 24. Rxd5 Rd8 25. e4 Rxd5 26. exd5 Qd7 27. d6 Bf6 28. Qxc5 Kf8 29. b4 g5 30. Be5 Bd8 31. Qd5 f6 32. Bd4 Kg7 33. Bc5 a5 34. Qe4 axb4 35. axb4 Qf7 36. Kh2 f5 37. Qe5+ Qf6 38. Qd5 Qf7 39. Qc6 Qe6 40. d7 Qxc6 0-1

[Event "Titled Tuesday intern op 01st Aug Early"]
[Site "Chess.com INT"]
[Date "2023.08.01"]
[Round "7"]
[White "Hrbek, Stepan"]
[Black "Girya, Olga"]
[Result "1-0"]
[WhiteElo "2404"]
[BlackElo "2402"]
[PlyCount "61"]
[EventDate "2023.08.01"]
[EventType "swiss (blitz)"]
[EventRounds "11"]
[EventCountry "USA"]
[SourceTitle "EXT 2024"]
[Source "ChessBase"]
[SourceDate "2023.10.10"]
[SourceVersion "1"]
[SourceVersionDate "2023.10.10"]
[SourceQuality "1"]

1. e4 e5 2. Nf3 Nc6 3. Bb5 a6 4. Ba4 Nf6 5. 0-0 Nxe4 6. d4 b5 7. Bb3 d5 8. dxe5 Be6 9. Qe2 Nc5 10. Rd1 Nxb3 11. axb3 Be7 12. c4 b4 13. cxd5 Bxd5 14. Rxa6 Rxa6 15. Qxa6 0-0 16. Be3 Bc4 17. Rxd8 Bxa6 18. Rd7 Rd8 19. Rxd8+ Nxd8 20. Nbd2 Bd3 21. Nc4 Nc6 22. Nfd2 g5 23. g4 Kg7 24. f3 Kg6 25. Kf2 h5 26. gxh5+ Kxh5 27. Kg3 f5 28. exf6 Bxf6 29. f4 Be7 30. fxg5 Bf6 31. gxf6 1-0

[Event "Titled Tuesday intern op 18th Jul Early"]
[Site "Chess.com INT"]
[Date "2023.07.18"]
[Round "8"]
[White "Girya, Olga"]
[Black "Korol, Dimitry"]
[Result "0-1"]
[WhiteElo "2402"]
[BlackElo "2287"]
[PlyCount "142"]
[EventDate "2023.07.18"]
[EventType "swiss (blitz)"]
[EventRounds "11"]
[EventCountry "USA"]
[SourceTitle "EXT 2024"]
[Source "ChessBase"]
[SourceDate "2023.10.10"]
[SourceVersion "1"]
[SourceVersionDate "2023.10.10"]
[SourceQuality "1"]

1. d4 Nf6 2. Nf3 g6 3. Bg5 Bg7 4. Nbd2 c5 5. Bxf6 Bxf6 6. Ne4 Bxd4 7. Nxd4 cxd4 8. Qxd4 0-0 9. 0-0-0 Nc6 10. Qd2 Qa5 11. Qxa5 Nxa5 12. h4 h5 13. e3 d6 14. Be2 Kg7 15. Nc3 Be6 16. Nd5 Nc6 17. Nf4 Bd7 18. Bf3 Rfc8 19. c3 Rab8 20. a3 Ne5 21. Be2 b5 22. Nd5 e6 23. Nf4 d5 24. f3 a5 25. Kb1 b4 26. axb4 axb4 27. cxb4 Rxb4 28. Nd3 Nxd3 29. Bxd3 Rcb8 30. Rd2 e5 31. g3 Be6 32. Rc1 R8b7 33. Rc5 Kf8 34. Be2 Ke7 35. f4 Kd6 36. Rc3 Ra7 37. e4 Rxe4 38. fxe5+ Kxe5 39. Bf3 Rb4 40. Re2+ Kd6 41. Kc2 Bf5+ 42. Kd2 Rxb2+ 43. Ke3 Rxe2+ 44. Bxe2 Re7+ 45. Kf2 d4 46. Ra3 Ke5 47. Ra5+ Kf6 48. Ra6+ Re6 49. Ra5 Re7 50. Bf3 Re3 51. Ra6+ Kg7 52. Ra7 Be6 53. Ra6 Rb3 54. Rd6 Rb2+ 55. Kg1 Rb4 56. Kf2 Kf6 57. Bg2 Ke5 58. Rd8 Rb2+ 59. Kg1 Bf5 60. Bf3 d3 61. Re8+ Kd4 62. Rd8+ Ke3 63. Bg2 d2 64. Re8+ Kd4 65. Bf3 Bg4 66. Bxg4 hxg4 67. Rd8+ Ke3 68. Re8+ Kf3 69. Rd8 Rb1+ 70. Kh2 d1Q 71. Rxd1 Rxd1 0-1

[Event "Titled Tuesday intern op 18th Jul Early"]
[Site "Chess.com INT"]
[Date "2023.07.18"]
[Round "1"]
[White "Seder, Mohamad"]
[Black "Girya, Olga"]
[Result "1-0"]
[WhiteElo "2077"]
[BlackElo "2402"]
[PlyCount "61"]
[EventDate "2023.07.18"]
[EventType "swiss (blitz)"]
[EventRounds "11"]
[EventCountry "USA"]
[SourceTitle "EXT 2024"]
[Source "ChessBase"]
[SourceDate "2023.10.10"]
[SourceVersion "1"]
[SourceVersionDate "2023.10.10"]
[SourceQuality "1"]

1. e4 e5 2. Nf3 Nc6 3. Bb5 a6 4. Ba4 Nf6 5. Qe2 Bc5 6. c3 d6 7. 0-0 0-0 8. h3 h6 9. Rd1 b5 10. Bc2 Re8 11. d4 exd4 12. cxd4 Bb6 13. e5 d5 14. Nbd2 Bxd4 15. Nb3 Bxe5 16. Nxe5 Nxe5 17. Qf1 Nc4 18. a4 Be6 19. Nc5 Qd6 20. Nxe6 Qxe6 21. b3 Nd6 22. Bb2 c5 23. Re1 Qd7 24. Bxf6 gxf6 25. Qd3 Ne4 26. f3 c4 27. Qd4 Ng5 28. Qxf6 Re6 29. Qf4 Qd6 30. Qf5 Rf6 31. Qg4 1-0

[Event "Titled Tuesday intern op 11th Jul Early"]
[Site "Chess.com INT"]
[Date "2023.07.11"]
[Round "6"]
[White "Lopez Gracia, Fernando"]
[Black "Girya, Olga"]
[Result "1-0"]
[WhiteElo "2252"]
[BlackElo "2402"]
[PlyCount "105"]
[EventDate "2023.07.11"]
[EventType "swiss (blitz)"]
[EventRounds "11"]
[EventCountry "USA"]
[SourceTitle "EXT 2024"]
[Source "ChessBase"]
[SourceDate "2023.10.10"]
[SourceVersion "1"]
[SourceVersionDate "2023.10.10"]
[SourceQuality "1"]

1. e4 e5 2. Nf3 Nc6 3. d4 exd4 4. Nxd4 Nf6 5. Nc3 Bb4 6. Nxc6 bxc6 7. Bd3 0-0 8. 0-0 d5 9. exd5 cxd5 10. Bg5 c6 11. Na4 h6 12. Bh4 Bd6 13. c3 Re8 14. Bc2 Ba6 15. Re1 Be7 16. Qd4 Ne4 17. Bxe7 Rxe7 18. Bxe4 dxe4 19. Rxe4 Qxd4 20. Rxd4 Rae8 21. h3 Bc8 22. Rad1 Re1+ 23. Kh2 Kh7 24. Nc5 Bf5 25. g4 Bg6 26. Nb3 Rxd1 27. Rxd1 Bc2 28. Rd2 Bxb3 29. axb3 a5 30. c4 Rb8 31. Rd3 Rb4 32. Rc3 g5 33. Kg3 Kg6 34. f4 gxf4+ 35. Kxf4 a4 36. bxa4 Rxa4 37. h4 Rb4 38. b3 h5 39. g5 f6 40. Rg3 fxg5+ 41. Rxg5+ Kh6 42. Rg3 Rb8 43. Ke4 c5 44. Kd5 Rc8 45. Kd6 Kh7 46. Rg5 Kh6 47. Rxc5 Rd8+ 48. Kc7 Rd3 49. b4 Rd4 50. b5 Rxh4 51. b6 Rg4 52. b7 h4 53. b8Q 1-0

[Event "Titled Tuesday intern op 11th Jul Early"]
[Site "Chess.com INT"]
[Date "2023.07.11"]
[Round "10"]
[White "Mayaud, Raphael"]
[Black "Girya, Olga"]
[Result "0-1"]
[WhiteElo "2201"]
[BlackElo "2402"]
[PlyCount "48"]
[EventDate "2023.07.11"]
[EventType "swiss (blitz)"]
[EventRounds "11"]
[EventCountry "USA"]
[SourceTitle "EXT 2024"]
[Source "ChessBase"]
[SourceDate "2023.10.10"]
[SourceVersion "1"]
[SourceVersionDate "2023.10.10"]
[SourceQuality "1"]

1. d4 Nf6 2. Bg5 d5 3. Bxf6 gxf6 4. c4 dxc4 5. e3 e5 6. Bxc4 Nc6 7. Ne2 Rg8 8. 0-0 Bd6 9. Ng3 Bg4 10. Qb3 Na5 11. Bxf7+ Kf8 12. Qc3 Kxf7 13. Qxa5 h5 14. h3 Be6 15. d5 Bd7 16. e4 h4 17. Nf5 Bxf5 18. exf5 Qd7 19. Kh1 Qxf5 20. Nc3 Rxg2 21. Kxg2 Rg8+ 22. Kh2 e4+ 23. f4 exf3+ 24. Kh1 Qxh3# 0-1

[Event "Titled Tuesday intern op 27th Jun Early"]
[Site "Chess.com INT"]
[Date "2023.06.27"]
[Round "9"]
[White "Davidson, Kevin"]
[Black "Girya, Olga"]
[Result "0-1"]
[WhiteElo "2154"]
[BlackElo "2402"]
[PlyCount "64"]
[EventDate "2023.06.27"]
[EventType "swiss (blitz)"]
[EventRounds "11"]
[EventCountry "USA"]
[SourceTitle "EXT 2024"]
[Source "ChessBase"]
[SourceDate "2023.10.10"]
[SourceVersion "1"]
[SourceVersionDate "2023.10.10"]
[SourceQuality "1"]

1. e4 e5 2. Nf3 Nc6 3. Bb5 a6 4. Ba4 Nf6 5. 0-0 Nxe4 6. d4 b5 7. Bb3 d5 8. dxe5 Be6 9. c3 Be7 10. Nbd2 Nc5 11. Bc2 d4 12. Nb3 d3 13. Bb1 Nxb3 14. axb3 Bf5 15. Re1 0-0 16. b4 Qd7 17. Bf4 Rfd8 18. Qd2 a5 19. bxa5 Nxa5 20. Ba2 Nc4 21. Bxc4 bxc4 22. Nd4 Be6 23. Be3 Bd5 24. b3 cxb3 25. Qxd3 Rxa1 26. Rxa1 Qg4 27. Qf1 c5 28. h3 Qe4 29. Ne2 Bc4 30. Ng3 Bxf1 31. Nxe4 Bd3 32. Nxc5 b2 0-1

[Event "Aimchess Play In op"]
[Site "Chess.com INT"]
[Date "2023.06.12"]
[Round "7"]
[White "Gharibyan, Mamikon"]
[Black "Girya, Olga"]
[Result "0-1"]
[WhiteElo "2500"]
[BlackElo "2402"]
[PlyCount "58"]
[EventDate "2023.06.12"]
[EventType "swiss (rapid)"]
[EventRounds "9"]
[EventCountry "USA"]
[SourceTitle "CBM 214 Extra"]
[Source "ChessBase"]
[SourceDate "2023.07.31"]
[SourceVersion "1"]
[SourceVersionDate "2023.07.31"]
[SourceQuality "1"]

1. d4 Nf6 2. c4 e6 3. Nf3 d5 4. Nc3 Be7 5. Bf4 dxc4 6. e3 a6 7. a4 c5 8. Bxc4 cxd4 9. exd4 Nc6 10. 0-0 0-0 11. Re1 Bd7 12. Rc1 Rc8 13. Bd3 Nb4 14. Bb1 Nfd5 15. Bg3 Bc6 16. Qe2 Bf6 17. Ne5 Bg5 18. Rcd1 g6 19. Qg4 h5 20. Qh3 Kg7 21. Nxc6 Rxc6 22. Be5+ Bf6 23. Ne4 Bxe5 24. dxe5 Qa5 25. Qh4 Nc2 26. Bxc2 Rxc2 27. Nf6 Nxf6 28. exf6+ Kh7 29. Qd4 Rfc8 0-1

[Event "Aimchess Play In op"]
[Site "Chess.com INT"]
[Date "2023.06.12"]
[Round "6"]
[White "Girya, Olga"]
[Black "Srihari, LR."]
[Result "1-0"]
[WhiteElo "2402"]
[BlackElo "2416"]
[PlyCount "147"]
[EventDate "2023.06.12"]
[EventType "swiss (rapid)"]
[EventRounds "9"]
[EventCountry "USA"]
[SourceTitle "CBM 214 Extra"]
[Source "ChessBase"]
[SourceDate "2023.07.31"]
[SourceVersion "1"]
[SourceVersionDate "2023.07.31"]
[SourceQuality "1"]

1. d4 d6 2. Nf3 Nf6 3. c4 Nbd7 4. Nc3 e5 5. e4 Be7 6. Be2 0-0 7. 0-0 c6 8. Qc2 Qc7 9. h3 Re8 10. Be3 Nf8 11. Rfe1 Ng6 12. Bf1 h6 13. b4 a5 14. a3 axb4 15. axb4 Rxa1 16. Rxa1 Nh5 17. Qa4 Nhf4 18. Qa5 Qxa5 19. Rxa5 exd4 20. Nxd4 Bf6 21. Ra8 Kf8 22. Na4 Ne6 23. Nf5 Nc7 24. Ra7 Be5 25. Nb6 d5 26. Nxc8 Rxc8 27. exd5 cxd5 28. Rxb7 dxc4 29. Bxc4 Ne6 30. Bc5+ Kg8 31. g3 Nxc5 32. Bxf7+ Kh7 33. bxc5 Rxc5 34. Kg2 Nf8 35. g4 Rc7 36. Rb5 Bf6 37. Bd5 Ng6 38. Be4 Nf4+ 39. Kh2 g6 40. Ne3 Bh4 41. Ng2 Nxg2 42. Kxg2 Rf7 43. f3 Kg7 44. Rb6 Rf6 45. Rb8 Ra6 46. Rb7+ Kf8 47. Rh7 g5 48. Kf1 Ra1+ 49. Ke2 Rh1 50. Rxh6 Rxh3 51. Kd3 Rh2 52. Kc4 Bg3 53. Rf6+ Ke7 54. Rf5 Bf4 55. Rb5 Rd2 56. Rb7+ Kf6 57. Rb6+ Ke5 58. Rb5+ Kf6 59. Rf5+ Ke7 60. Bd5 Rc2+ 61. Kd3 Rd2+ 62. Kc4 Rc2+ 63. Kd4 Rd2+ 64. Kc3 Kd6 65. Rxf4 Rxd5 66. Rd4 Ke5 67. Rxd5+ Kxd5 68. Kd3 Kd6 69. Kd4 Ke6 70. Ke4 Kf6 71. Kd5 Kg6 72. Ke6 Kg7 73. Kf5 Kh6 74. Kf6 1-0

[Event "Aimchess Play In op"]
[Site "Chess.com INT"]
[Date "2023.06.12"]
[Round "8"]
[White "Predke, Alexandr"]
[Black "Girya, Olga"]
[Result "1-0"]
[WhiteElo "2651"]
[BlackElo "2402"]
[PlyCount "99"]
[EventDate "2023.06.12"]
[EventType "swiss (rapid)"]
[EventRounds "9"]
[EventCountry "USA"]
[SourceTitle "CBM 214 Extra"]
[Source "ChessBase"]
[SourceDate "2023.07.31"]
[SourceVersion "1"]
[SourceVersionDate "2023.07.31"]
[SourceQuality "1"]

1. e4 e5 2. Nf3 Nc6 3. Bb5 a6 4. Ba4 Nf6 5. Nc3 Bc5 6. d3 d6 7. Bxc6+ bxc6 8. Be3 Bxe3 9. fxe3 c5 10. 0-0 0-0 11. Qe1 Be6 12. b3 Nd7 13. Qg3 h6 14. Rf2 Nf6 15. h3 Nd7 16. Raf1 Kh7 17. Qh2 c6 18. g4 f6 19. Nh4 d5 20. Nf5 c4 21. exd5 cxd5 22. d4 Qb6 23. Na4 Qa7 24. c3 cxb3 25. axb3 a5 26. Rf3 Bxf5 27. Rxf5 Rab8 28. h4 Kg8 29. Qg2 Qb7 30. g5 fxg5 31. hxg5 hxg5 32. Rxg5 Rxf1+ 33. Kxf1 Rf8+ 34. Kg1 Rf7 35. dxe5 Nf8 36. Nc5 Qe7 37. b4 axb4 38. cxb4 Ne6 39. Rh5 Nxc5 40. Qh3 Rf8 41. Rh8+ Kf7 42. Qf5+ Ke8 43. Rxf8+ Qxf8 44. Qxf8+ Kxf8 45. bxc5 Ke7 46. Kf2 Kd7 47. Kf3 Ke6 48. c6 Ke7 49. Kf4 Ke6 50. Kg5 1-0

[Event "Titled Tuesday intern op 06th Jun Early"]
[Site "Chess.com INT"]
[Date "2023.06.06"]
[Round "7"]
[White "Girya, Olga"]
[Black "Fernandez Guillen, Ernesto J"]
[Result "0-1"]
[WhiteElo "2402"]
[BlackElo "2467"]
[PlyCount "94"]
[EventDate "2023.06.06"]
[EventType "swiss (blitz)"]
[EventRounds "11"]
[EventCountry "USA"]
[SourceTitle "EXT 2024"]
[Source "ChessBase"]
[SourceDate "2023.10.10"]
[SourceVersion "1"]
[SourceVersionDate "2023.10.10"]
[SourceQuality "1"]

1. d4 Nf6 2. Nf3 g6 3. Bg5 Bg7 4. Nbd2 d5 5. Bxf6 exf6 6. e3 0-0 7. c4 dxc4 8. Bxc4 c6 9. 0-0 Nd7 10. a4 Nb6 11. Bb3 a5 12. Ne4 f5 13. Nc5 Nd5 14. Qd2 Re8 15. Rac1 Bf6 16. Rfe1 Kg7 17. h3 h5 18. Nd3 g5 19. Nfe5 g4 20. Bxd5 cxd5 21. Nf4 Rh8 22. Rc5 Be6 23. Nxe6+ fxe6 24. Rec1 Bxe5 25. dxe5 gxh3 26. Rc7+ Kh6 27. e4+ Qg5 28. Qxg5+ Kxg5 29. exd5 exd5 30. Rxb7 Rhe8 31. Re1 hxg2 32. Rd7 Rad8 33. Rxd8 Rxd8 34. Kxg2 Kf4 35. e6 d4 36. e7 Rg8+ 37. Kh3 Re8 38. Kh4 Kf3 39. Rd1 Rxe7 40. Kxh5 Rd7 41. Kg5 Kxf2 42. Kxf5 Ke2 43. Ra1 d3 44. Ke6 Rd8 45. b4 axb4 46. a5 d2 47. a6 d1Q 0-1

[Event "Titled Tuesday intern op 06th Jun Early"]
[Site "Chess.com INT"]
[Date "2023.06.06"]
[Round "8"]
[White "Girya, Olga"]
[Black "Hristodoulou, Panagiotis"]
[Result "1-0"]
[WhiteElo "2402"]
[BlackElo "2362"]
[PlyCount "91"]
[EventDate "2023.06.06"]
[EventType "swiss (blitz)"]
[EventRounds "11"]
[EventCountry "USA"]
[SourceTitle "EXT 2024"]
[Source "ChessBase"]
[SourceDate "2023.10.10"]
[SourceVersion "1"]
[SourceVersionDate "2023.10.10"]
[SourceQuality "1"]

1. d4 Nf6 2. Nf3 e6 3. c4 Bb4+ 4. Bd2 a5 5. a3 Bxd2+ 6. Qxd2 d6 7. Nc3 Nbd7 8. e4 e5 9. Bd3 a4 10. 0-0 exd4 11. Nxd4 0-0 12. Bc2 Nc5 13. Rfe1 Re8 14. Rad1 Bd7 15. h3 Qe7 16. f4 Be6 17. Nxe6 Qxe6 18. e5 dxe5 19. Rxe5 Qxc4 20. Qd4 Qxd4+ 21. Rxd4 Ne6 22. Rxa4 Rxa4 23. Bxa4 c6 24. f5 Nd4 25. Rxe8+ Nxe8 26. g4 h5 27. Kf2 hxg4 28. hxg4 Nf6 29. Bd1 Kf8 30. Ke3 c5 31. Ne4 Nd5+ 32. Kd3 b6 33. b4 cxb4 34. Kxd4 bxa3 35. Bb3 Nb4 36. Nc3 Ke7 37. Nd5+ Nxd5 38. Kxd5 Kf6 39. Ke4 g6 40. Kf4 gxf5 41. gxf5 Ke7 42. Ke5 f6+ 43. Kd5 b5 44. Kc5 Kd7 45. Kb4 Kd6 46. Kxa3 1-0